| 000 | 01053nam0a22002411 4500 | ||
|---|---|---|---|
| 001 | rc\492401 | ||
| 005 | 20250621104805.0 | ||
| 035 | _a(NLR Aleph) 005734242 | ||
| 090 |
_a7611272 _c7611272 |
||
| 100 | _a20030616d1987 |||y0rusy50 ca | ||
| 101 | 0 | _arus | |
| 102 | _aRU | ||
| 105 | _aa ||||||||| | ||
| 200 | 1 |
_aМетодические указания по применению рационального комплекса геолого-геохимических и геофизических методов при поисках и оценке месторождений молибдена _eПрогноз.-поисковый комплекс _fМ-во геологии СССР, ВНИИ минер. сырья (ВИМС) _g[Сост. В.Т. Покалов, А.И. Макаров] |
|
| 210 |
_aМ. _cВИМС _d1987 |
||
| 215 |
_a94 с. _cил. _d21 |
||
| 320 | _aБиблиогр.: с. 87 | ||
| 333 | _aДСП. Экз. № 5 | ||
| 801 | 0 |
_aRU _bNLR _gpsbo |
|
| 801 | 1 |
_aRU _bELAR _2rusmarc |
|
| 852 |
_aNLR _j88-50К/10397 |
||
| 942 | _cBOOK | ||
| 980 | _aNB | ||